• 首页
  • 本馆介绍
  • 公告通知
  • 最新文献
  • 馆藏检索
  • 电子资源
  • 读者导购
  • 参考咨询
  • 我的图书馆
  • 登录
  • 详细信息显示
  • 放入我的书架
  • 预约/预借图书
  • 作者相关作品
  • 分类相关作品
  • 丛书相关作品
  • 出版社相关作品

书目信息

  • 表格格式
  • 工作单格式
  • 卡片格式
题名:
逻辑与语言研究
    
 
作者: ;逻辑与语言研究会 编
分册: 1  
出版信息: 北京   中国社会科学出版社  1980
页数: 228页
开本: 19cm
丛书名:
单 册:
中图分类: H1-05 , H0
科图分类:
主题词: 汉语-语言逻辑学--研究 , 语言逻辑学-汉语--研究 , 语言学
电子资源:
ISBN:
000 00753nam0 2200277 450
001 1531051890
005 20150128075708.07
010    @dCNY0.68
091    @a2190.021(1)
091    @a2190.041(2)
091    @a2190.071(3)
100    @a19950523f19801983em y0chiy0110 ea
101 0  @achi
102    @aCN@b110000
105    @ay z 000yy
200 1  @a逻辑与语言研究@Aluo ji yu yu yan yan jiu@h1@f逻辑与语言研究会编
210    @a北京@c中国社会科学出版社@d1980
215    @a228页@d19cm
606 0  @a汉语-语言逻辑学@x研究
606 0  @a语言逻辑学-汉语@x研究
606 0  @a语言学
690    @aH1-05@v3
690    @aH0@v4
711 02 @a逻辑与语言研究会@Aluo ji yu yu yan yan jiu hui@4编
801  0 @aCN@bTSSF@c20150128
905    @aZUCC@dH0@eJY48:1
    
    逻辑与语言研究.1/逻辑与语言研究会编.-北京:中国社会科学出版社,1980
    228页;19cm
    
    
    ISBN :CNY0.68
    
●
相关链接 在E读中查询图书 在五车中查询图书 在当当中查询图书 在豆瓣中查询图书


正题名:逻辑与语言研究     索取号:H0/JY48:1         预约/预借

序号 登录号 条形码 馆藏地/架位号 状态 备注
1 7849906   278499064   学院路分馆/ [索取号:H0/JY48:1] 在馆    
2 7849907   278499073   学院路分馆/ [索取号:H0/JY48:1] 在馆    
唐山师范学院图书馆 欢迎您!
大连网信软件有限公司© 版权所有